000 00540nam a2200217Ia 4500
003 OSt
005 20221005122420.0
006 a|||||r|||| 00| 0
007 ta
008 221004b |||||||| |||| 00| 0 guj d
024 _a47458
037 _cTextual
040 _aCRL
_cCRL
_bguj
041 _2guj
_aguj
082 _aO156,3M87,1, 31J8
100 _aMunshi
_9100248
245 0 _aJeyasomanath
650 _aGUJRATI LITERATURE
942 _hO156,3M87,1, 31J8
_cTEXL
_2cc
999 _c1044220
_d1044220